000 00751nam a2200253Ia 4500
003 OSt
005 20220928120856.0
006 a|||||r|||| 00| 0
007 ta
008 220927b |||||||| |||| 00| 0 eng d
024 _a54653
037 _cTextual
040 _aSDCL
_cSDCL
_beng
041 _2eng
_aeng
082 _aX9V:8, P2
100 _aDoherty Tony L
_9451315
245 0 _aManaging public services-implementing changes
_bA thoughtful approach to the practice of management
260 _aLondon
_bRoutledge
_c2002
300 _axii,559p
_ccm.
650 _aPublic Service
_9451316
700 _a Horne Terry
_9451317
942 _hX9V:8, P2
_cTEXL
_2CC
999 _c765391
_d765391